000 00481nam a22001697a 4500
003 OSt
008 220115b ||||| |||| 00| 0 eng d
020 _a978-93-85529-31-3
082 _a615.6 JAI
100 _aJAIN, N.K.
245 _aIntroducation to Noval Drug Delivery Systems
250 _a3rd Edition
260 _aDelhi
_bVallabh
_c2020
300 _a466
650 _aPharmaceutics- Drug Delivery Systems, Pharmaceutical Engineering Regulatory Science
942 _2ddc
_cBK
999 _c11058
_d11058